[Event "Zhukovsky op 04"]
[Site "Zhukovsky"]
[Date "2014.??.??"]
[Round "9"]
[White "Groisman, Anatoliy"]
[Black "Ershov, Aleksey"]
[Result "1-0"]
[WhiteElo "1972"]
[BlackElo "1865"]
[PlyCount "47"]
[EventDate "2014.04.??"]
[EventType "swiss"]
[EventRounds "9"]
[EventCountry "RUS"]
[SourceTitle "EXT 2016"]
[Source "ChessBase"]
[SourceDate "2015.10.08"]
[SourceVersion "1"]
[SourceVersionDate "2015.10.08"]
[SourceQuality "1"]

1. e4 e6 2. d3 d5 3. Nd2 d4 4. f4 Nh6 5. Ngf3 c5 6. a4 Nc6 7. Nc4 Be7 8. Be2 0-0 9. 0-0 a6 10. Nfe5 Rb8 11. a5 Nxe5 12. fxe5 Bg5 13. Rf3 Bxc1 14. Qxc1 b5 15. axb6 Rxb6 16. Nxb6 Qxb6 17. Rg3 Kh8 18. Rxg7 Kxg7 19. Qg5+ Kh8 20. Qf6+ Kg8 21. Qxh6 Qd8 22. Rf1 f6 23. exf6 Rf7 24. Bh5 1-0

[Event "Zhukovsky op"]
[Site "Zhukovsky"]
[Date "2012.04.??"]
[Round "6"]
[White "Ershov, Aleksey"]
[Black "Temichev, Evgeniy"]
[Result "1/2-1/2"]
[WhiteElo "1847"]
[BlackElo "1954"]
[PlyCount "56"]
[EventDate "2012.04.??"]
[EventType "swiss"]
[EventRounds "9"]
[EventCountry "RUS"]
[SourceTitle "EXT 2014"]
[Source "ChessBase"]
[SourceDate "2013.11.20"]
[SourceVersion "1"]
[SourceVersionDate "2013.11.20"]
[SourceQuality "1"]

1. e4 c5 2. Nf3 Nc6 3. Nc3 e5 4. Be2 d6 5. 0-0 g6 6. d3 Bg7 7. Be3 Nge7 8. Nd2 0-0 9. f4 f5 10. exf5 Nxf5 11. Nc4 exf4 12. Bxf4 d5 13. Nd2 Ncd4 14. Nf3 Nxf3+ 15. Bxf3 d4 16. Ne4 Ne3 17. Bxe3 dxe3 18. c3 Qh4 19. Qb3+ Kh8 20. Nxc5 Be5 21. g3 Bxg3 22. hxg3 Qxg3+ 23. Bg2 Rf2 24. Qd5 Bh3 25. Qd4+ Kg8 26. Qd5+ Kh8 27. Qd4+ Kg8 28. Qd5+ Kh8 1/2-1/2

[Event "Zhukovsky op"]
[Site "Zhukovsky"]
[Date "2011.02.17"]
[Round "1"]
[White "Ershov, Aleksey"]
[Black "Smirnov, Yury Vladimirovic"]
[Result "1/2-1/2"]
[WhiteElo "1779"]
[BlackElo "2189"]
[PlyCount "97"]
[EventDate "2011.02.17"]
[EventType "swiss"]
[EventRounds "9"]
[EventCountry "RUS"]
[SourceTitle "CBM 141 Extra"]
[Source "ChessBase"]
[SourceDate "2011.05.03"]
[SourceVersion "1"]
[SourceVersionDate "2011.05.03"]
[SourceQuality "1"]

1. c4 e6 2. Nf3 d5 3. g3 f5 4. Bg2 Nf6 5. 0-0 c6 6. b3 Be7 7. Bb2 0-0 8. d3 Qe8 9. Nbd2 Qh5 10. Ne5 Nbd7 11. e4 Qe8 12. exf5 exf5 13. Ndf3 Bd6 14. Re1 Qh5 15. Nxd7 Bxd7 16. Ne5 Be8 17. cxd5 Nxd5 18. Bxd5+ cxd5 19. Qxh5 Bxh5 20. f4 Bb4 21. Rec1 Rac8 22. Rxc8 Rxc8 23. Rc1 Rxc1+ 24. Bxc1 Bc3 25. Kf2 Kf8 26. h3 Bd1 27. Ba3+ Ke8 28. Bc5 b6 29. Bd6 Kd8 30. Ke3 d4+ 31. Kf2 g6 32. g4 a5 33. Nf3 Bc2 34. gxf5 gxf5 35. Be5 Bxd3 36. Bxd4 Bxd4+ 37. Nxd4 Ke7 38. Ke3 Bb1 39. a3 Kd6 40. Ne2 Kc5 41. Kd2 Be4 42. Kc3 Bg2 43. h4 Kd5 44. Ng3 Be4 45. Nh5 Ke6 46. Kd4 Bc6 47. b4 axb4 48. axb4 Bb5 49. Ng3 1/2-1/2

[Event "Zhukovsky-A 02"]
[Site "Zhukovsky"]
[Date "2011.02.09"]
[Round "9"]
[White "Ershov, Aleksey"]
[Black "Epishkin, Vladimir"]
[Result "0-1"]
[WhiteElo "1779"]
[BlackElo "1883"]
[PlyCount "124"]
[EventDate "2011.02.09"]
[EventType "swiss"]
[EventRounds "9"]
[EventCountry "RUS"]
[SourceTitle "EXT 2022"]
[Source "ChessBase"]
[SourceDate "2021.10.06"]
[SourceVersion "1"]
[SourceVersionDate "2021.10.06"]
[SourceQuality "1"]

1. c4 b6 2. Nf3 Bb7 3. b3 Nf6 4. Bb2 g6 5. e3 Bg7 6. Be2 0-0 7. Nc3 d6 8. d4 Nbd7 9. Qc2 Re8 10. 0-0 c6 11. Rfd1 Qc7 12. Rac1 Rad8 13. a3 a6 14. Nd2 Nf8 15. Bf3 Ne6 16. g3 Ng5 17. Bg2 h6 18. e4 Bc8 19. Rf1 Bg4 20. f3 Bd7 21. d5 c5 22. h4 Ngh7 23. Ne2 a5 24. a4 Qc8 25. Kh2 Nf8 26. g4 e6 27. Ng3 e5 28. Nb1 Bxg4 29. fxg4 Qxg4 30. Rf3 Qxh4+ 31. Kg1 N8h7 32. Nf1 Ng5 33. Rxf6 Bxf6 34. Qf2 Nh7 35. Ne3 h5 36. Rf1 Qxf2+ 37. Kxf2 Bg5 38. Bc1 Rf8 39. Bh3 Kg7 40. Nc3 Bf4 41. Ne2 Ng5 42. Bg2 f6 43. Kg1 Bxe3+ 44. Bxe3 Nh7 45. Bh3 Ng5 46. Bg2 h4 47. Kh2 Rh8 48. Bxg5 fxg5 49. Bh3 Rhf8 50. Rxf8 Rxf8 51. Kg2 Kh6 52. Bg4 Rf6 53. Kg1 h3 54. Nc3 Rf4 55. Bxh3 Rf3 56. Nb5 Rxh3 57. Nxd6 Rxb3 58. Nf7+ Kg7 59. Nxe5 Kf6 60. Nd7+ Ke7 61. Nb8 Kd6 62. Kf2 Ke5 0-1

[Event "Zhukovsky-A 02"]
[Site "Zhukovsky"]
[Date "2011.02.09"]
[Round "1"]
[White "Ershov, Aleksey"]
[Black "Ibragimov, Ali"]
[Result "0-1"]
[WhiteElo "1779"]
[BlackElo "2091"]
[PlyCount "38"]
[EventDate "2011.02.09"]
[EventType "swiss"]
[EventRounds "9"]
[EventCountry "RUS"]
[SourceTitle "EXT 2022"]
[Source "ChessBase"]
[SourceDate "2021.10.06"]
[SourceVersion "1"]
[SourceVersionDate "2021.10.06"]
[SourceQuality "1"]

1. e4 c5 2. Nc3 e6 3. g3 d5 4. exd5 exd5 5. d4 Nf6 6. Be3 Nc6 7. Bb5 a6 8. Bxc6+ bxc6 9. Qe2 Be7 10. 0-0-0 0-0 11. dxc5 Rb8 12. Nf3 Qa5 13. Ne5 Bd7 14. g4 Rxb2 15. Kxb2 Rb8+ 16. Kc1 Qxc3 17. Nxd7 Ne4 18. Bd4 Qa3+ 19. Bb2 Qxb2# 0-1

[Event "Zhukovsky-A 02"]
[Site "Zhukovsky"]
[Date "2011.02.09"]
[Round "3"]
[White "Ershov, Aleksey"]
[Black "Temichev, Evgeniy"]
[Result "0-1"]
[WhiteElo "1779"]
[BlackElo "1947"]
[PlyCount "94"]
[EventDate "2011.02.09"]
[EventType "swiss"]
[EventRounds "9"]
[EventCountry "RUS"]
[SourceTitle "EXT 2022"]
[Source "ChessBase"]
[SourceDate "2021.10.06"]
[SourceVersion "1"]
[SourceVersionDate "2021.10.06"]
[SourceQuality "1"]

1. e4 c6 2. d4 d6 3. Nf3 g6 4. Be3 Nf6 5. Nc3 Bg7 6. h3 0-0 7. Qd2 b5 8. Bd3 b4 9. Ne2 Qb6 10. Bh6 d5 11. Bxg7 Kxg7 12. e5 Ne4 13. Qe3 c5 14. c3 bxc3 15. bxc3 cxd4 16. Qxd4 Qxd4 17. cxd4 f5 18. exf6+ Nxf6 19. Rc1 Nbd7 20. Ng5 Nb6 21. Nf4 Kh6 22. Nge6 Bxe6 23. Nxe6 Rfc8 24. Ke2 Nc4 25. g4 Rc6 26. Nc5 Nd6 27. Ne6 Nc4 28. Nc5 Rb8 29. f4 Ne8 30. h4 Kg7 31. h5 Rb2+ 32. Rc2 Rcb6 33. hxg6 hxg6 34. Nb3 Rxc2+ 35. Bxc2 Ra6 36. Bb1 Re6+ 37. Kf2 Nf6 38. f5 gxf5 39. Bxf5 Re3 40. Nc5 Ra3 41. Ne6+ Kg8 42. g5 Rxa2+ 43. Kf3 Ne4 44. Bxe4 Nd2+ 45. Kf4 Nxe4 46. g6 Rf2+ 47. Ke5 Ng3 0-1

[Event "Moscow op-E"]
[Site "Moscow"]
[Date "2011.02.01"]
[Round "4.224"]
[White "Ershov, Aleksey"]
[Black "Baskakov, Nikolay"]
[Result "0-1"]
[WhiteElo "1779"]
[BlackElo "2009"]
[PlyCount "46"]
[EventDate "2011.01.29"]
[EventType "swiss"]
[EventRounds "9"]
[EventCountry "RUS"]
[SourceTitle "EXT 2022"]
[Source "ChessBase"]
[SourceDate "2021.10.06"]
[SourceVersion "1"]
[SourceVersionDate "2021.10.06"]
[SourceQuality "1"]

1. e4 d6 2. d4 Nf6 3. Bd3 g6 4. c4 Bg7 5. Ne2 Nc6 6. Nbc3 0-0 7. f3 e5 8. Be3 Nh5 9. d5 Nd4 10. Bc2 c5 11. dxc6 Qb6 12. Bxd4 exd4 13. cxb7 Bxb7 14. Nd5 Qc5 15. Qd3 Bxd5 16. cxd5 Qb4+ 17. Kf2 Rac8 18. Bb3 a5 19. a3 Qb6 20. Ba4 Qxb2 21. g3 Rc3 22. Qb1 Qd2 23. Kg2 Qxe2+ 0-1

[Event "Zhukovsky op 05"]
[Site "Zhukovsky"]
[Date "2011.??.??"]
[Round "3"]
[White "Ibragimov, Ali"]
[Black "Ershov, Aleksey"]
[Result "0-1"]
[WhiteElo "2091"]
[BlackElo "1779"]
[PlyCount "46"]
[EventDate "2011.05.15"]
[EventType "swiss"]
[EventRounds "9"]
[EventCountry "RUS"]
[SourceTitle "EXT 2012"]
[Source "ChessBase"]
[SourceDate "2011.11.24"]
[SourceVersion "1"]
[SourceVersionDate "2011.11.24"]
[SourceQuality "1"]

1. e4 c5 2. Nf3 d6 3. d4 cxd4 4. Nxd4 Nf6 5. Nc3 a6 6. Bg5 e5 7. Bxf6 Qxf6 8. Nd5 Qd8 9. Nf5 g6 10. Nfe3 Be6 11. a4 Nc6 12. Qd2 Bh6 13. Bc4 Rc8 14. 0-0 Nd4 15. Qb4 Bxe3 16. fxe3 Nxc2 17. Nf6+ Kf8 18. Bxe6 Nxb4 19. Nd7+ Ke7 20. Rxf7+ Kxe6 21. Raf1 Rc7 22. Nf8+ Rxf8 23. Rxf8 Qg5 0-1

[Event "Zhukovsky-chB"]
[Site "Zhukovsky"]
[Date "2010.04.01"]
[Round "9"]
[White "Kuznetsov, Yuriy"]
[Black "Ershov, Aleksey"]
[Result "0-1"]
[WhiteElo "1760"]
[BlackElo "1721"]
[PlyCount "90"]
[EventDate "2010.04.01"]
[EventType "swiss"]
[EventRounds "9"]
[EventCountry "RUS"]
[SourceTitle "EXT 2022"]
[Source "ChessBase"]
[SourceDate "2021.10.06"]
[SourceVersion "1"]
[SourceVersionDate "2021.10.06"]
[SourceQuality "1"]

1. d4 d5 2. c4 Bf5 3. Nc3 e6 4. Nf3 Nc6 5. e3 Nb4 6. e4 dxe4 7. a3 Nc6 8. d5 exf3 9. dxc6 Qxd1+ 10. Kxd1 bxc6 11. gxf3 Nf6 12. Be2 Bd6 13. h4 Rd8 14. Ke1 Be5 15. Bd2 Nh5 16. Rg1 Nf4 17. Bxf4 Bxf4 18. Ne4 Ke7 19. Rd1 g6 20. Bd3 Rd4 21. Ke2 Rhd8 22. b3 a5 23. a4 h6 24. Rh1 f6 25. Rhg1 g5 26. hxg5 fxg5 27. Nc5 Kf6 28. Be4 Rd2+ 29. Rxd2 Rxd2+ 30. Kf1 Bh3+ 31. Ke1 Ra2 32. Bb1 Ra1 33. Ke2 Bf5 34. Ne4+ Bxe4 35. fxe4 h5 36. Kd3 h4 37. Kc2 h3 38. f3 c5 39. Rd1 h2 40. Kb2 Rxb1+ 41. Kxb1 Be3 42. Rh1 Bg1 43. Kc2 Ke5 44. Kd3 Kf4 45. Ke2 Kg3 0-1